| 000 | 00654nam a2200193Ia 4500 | ||
|---|---|---|---|
| 003 | GCL | ||
| 008 | 140319s9999 xx 000 0 ara d | ||
| 040 |
_aGCL / _cGCL |
||
| 082 | 0 | 4 |
_a791.43 _bا ت |
| 100 | 1 | _aاحمد الحضرى | |
| 245 | 1 | 0 |
_aتاريخ السينما فى مصر الجزء الاول من بداية1896 الى اخر 1930 / _cاحمد الحضرى |
| 300 | _a388 ص | ||
| 490 |
_aمطبوعات نادى سينما القاهرة _v0 |
||
| 650 | 0 | 4 | _aالافلام السينمائية |
| 650 | 0 | 4 | _aالسينما |
| 650 | 0 | 4 | _aالانتاج السينمائى |
| 650 | 0 | 4 | _aالسينما - تاريخ |
| 942 |
_2ddc _cBK |
||
| 999 |
_c47466 _d47466 |
||